000 00341pam a2200133 a 4500
020 _c
041 _aeng
082 _a515.8
_bVUL
100 _aVullkh, B.Z.
245 _aA Brief Course in the Theory of Functions of a real variable
_hTextual Documents
260 _aMoscow :
_bM I R Publishers ,
_c1976.
300 _a162p.
930 _a16950
999 _c93850
_d93850